|
|
|
|
| LEADER |
00000nam0a2200000 4500 |
| 001 |
142397 |
| 005 |
20231031142733.0 |
| 035 |
|
|
|a (RuTPU)RU\TPU\book\154322
|
| 035 |
|
|
|a RU\TPU\book\154319
|
| 090 |
|
|
|a 142397
|
| 100 |
|
|
|a 20080905d k y0gery50 ba
|
| 101 |
0 |
|
|a ger
|
| 102 |
|
|
|a DE
|
| 105 |
|
|
|a y g 001zy
|
| 200 |
1 |
|
|a Beilsteins handbuch der organischen chemie
|h Band 12
|
| 205 |
|
|
|a 4-e auflage
|
| 210 |
|
|
|a Berlin
|c Verlag von Julius Springer
|
| 215 |
|
|
|a 1430 s.
|
| 317 |
|
|
|5 63413507: 270393
|a Культурные ценности, перемещенные в СССР в результате Второй мировой войны
|
| 320 |
|
|
|a Register: p. 1351-1430.
|
| 610 |
1 |
|
|a органическая химия
|
| 610 |
1 |
|
|a справочники
|
| 610 |
1 |
|
|a амины
|
| 675 |
|
|
|a 547(035)
|v 3
|
| 801 |
|
1 |
|a RU
|b 63413507
|c 20080130
|g PSBO
|
| 801 |
|
2 |
|a RU
|b 63413507
|c 20081222
|g PSBO
|
| 942 |
|
|
|c BK
|